| 000 | 01247nam a2200313Ia 4500 | ||
|---|---|---|---|
| 001 | ebr10256970 | ||
| 003 | CaPaEBR | ||
| 006 | m u | ||
| 007 | cr cn||||||||| | ||
| 008 | 040602s2004 enk sb 001 0 eng d | ||
| 020 | _z9781412902809 | ||
| 020 | _z1412902800 | ||
| 020 | _z1412902819 | ||
| 040 |
_aCaPaEBR _cCaPaEBR |
||
| 035 | _a(OCoLC)297392838 | ||
| 050 | 1 | 4 |
_aLB3013.3 _b.O46 2004eb |
| 100 | 1 | _aO'Moore, Mona. | |
| 245 | 1 | 0 |
_aDealing with bullying in schools _h[electronic resource] : _ba training manual for teachers, parents and other professionals / _cMona O'Moore and Stephen James Minton. |
| 260 |
_aLondon : _bPaul Chapman ; _aThousand Oaks : _bSage, _c2004. |
||
| 300 | _avii, 111 p. | ||
| 504 | _aIncludes bibliographical references and index. | ||
| 533 |
_aElectronic reproduction. _bPalo Alto, Calif. : _cebrary, _d2009. _nAvailable via World Wide Web. _nAccess may be limited to ebrary affiliated libraries. |
||
| 650 | 0 | _aBullying in schools. | |
| 650 | 0 | _aBullying. | |
| 655 | 7 |
_aElectronic books. _2local |
|
| 700 | 1 | _aMinton, Stephen James. | |
| 710 | 2 | _aebrary, Inc. | |
| 856 | 4 | 0 |
_uhttp://site.ebrary.com/lib/rucke/Doc?id=10256970 _zAn electronic book accessible through the World Wide Web; click to view |
| 999 |
_c31556 _d31556 |
||